00581nam a22001577a 4500003000900000008004100009020002200050040007100072082002400143110003300167245008300200260005300283300002700336505004800363650001200411AR-CdUCM190423b ||||| |||| 00| 0 spa d a978-970-718-745-0 aMUNICIPALIDAD PROVINCIAL DEL CUSCOcBIBLIOTECA MUNICIPAL DEL CUSCO aEP / 808.06 /bSI57 aSilver Dolphin en español. aEl sistema planetario solar :bUna experiencia por los planetas y mas allá / aMéxico :bSilver Dolphin en español, c2013. c30 cm.a29 páginas ; aContenido :El sistema planetario solar ...  aCuentos